Прогноз сдвижений горных пород, деформаций сооружений, устойчивости бортов разрезов при разработке угольных месторождений: сборник научных трудов

Λεπτομέρειες βιβλιογραφικής εγγραφής
Συγγραφή απο Οργανισμό/Αρχή: Всесоюзный научно-исследовательский институт горной геомеханики и маркшейдерского дела (ВНИМИ)
Γλώσσα:Ρωσικά
Έκδοση: Ленинград, [Б. и.], 1984
Θέματα:
Μορφή: Βιβλίο
KOHA link:https://koha.lib.tpu.ru/cgi-bin/koha/opac-detail.pl?biblionumber=287623

MARC

LEADER 00000nam0a2200000 4500
001 287623
005 20231102000016.0
035 |a (RuTPU)RU\TPU\book\312043 
090 |a 287623 
100 |a 20150318d1984 k y0rusy50 ca 
101 0 |a rus 
102 |a RU 
105 |a a z 001zy 
200 1 |a Прогноз сдвижений горных пород, деформаций сооружений, устойчивости бортов разрезов при разработке угольных месторождений  |e сборник научных трудов  |f Всесоюзный научно-исследовательский институт горной геомеханики и маркшейдерского дела (ВНИМИ) 
210 |a Ленинград  |c [Б. и.]  |d 1984 
215 |a 90 с.  |c ил. 
320 |a Библиография в конце статей 
606 1 |a Горные породы  |x Сдвижение над горными выработками  |x Прогноз  |2 stltpush  |3 (RuTPU)RU\TPU\subj\8060  |9 35552 
610 1 |a земная поверхность 
610 1 |a деформация 
610 1 |a расчет 
610 1 |a уголь 
610 1 |a запасы 
610 1 |a расконсервация 
610 1 |a горные работы 
610 1 |a застроенные территории 
610 1 |a выработанное пространство 
610 1 |a трещины 
610 1 |a шахтная вентиляция 
675 |a 622.834  |v 4 
712 0 2 |a Всесоюзный научно-исследовательский институт горной геомеханики и маркшейдерского дела (ВНИМИ)  |2 stltpush  |3 (RuTPU)RU\TPU\col\12156 
801 1 |a RU  |b 63413507  |c 20150318 
801 2 |a RU  |b 63413507  |c 20180320  |g RCR 
942 |c BK